The Stamp Specialist (Record no. 1486)

000 -LEADER
fixed length control field 00862nam a22002897a 4500
003 - CONTROL NUMBER IDENTIFIER
control field OSt
008 - FIXED-LENGTH DATA ELEMENTS--GENERAL INFORMATION
fixed length control field 150515b xxu||||| |||| 00| 0 eng d
041 ## - LANGUAGE CODE
Language code of text/sound track or separate title eng
050 00 - LIBRARY OF CONGRESS CALL NUMBER
Classification number 383.2135S
100 1# - MAIN ENTRY--PERSONAL NAME
Personal name Lindquist, H. L.
245 10 - TITLE STATEMENT
Title The Stamp Specialist
246 10 - VARYING FORM OF TITLE
Title proper/short title Mahogany Book (Number 18)
260 ## - PUBLICATION, DISTRIBUTION, ETC. (IMPRINT)
Place of publication, distribution, etc. New York, NY
Name of publisher, distributor, etc. H. L. Lindquist
300 ## - PHYSICAL DESCRIPTION
Extent 128 pages
650 #0 - SUBJECT ADDED ENTRY--TOPICAL TERM
Topical term or geographic name as entry element General
650 #0 - SUBJECT ADDED ENTRY--TOPICAL TERM
Topical term or geographic name as entry element Australia Burdell's Express
650 #0 - SUBJECT ADDED ENTRY--TOPICAL TERM
Topical term or geographic name as entry element US Expresses
650 #0 - SUBJECT ADDED ENTRY--TOPICAL TERM
Topical term or geographic name as entry element Booklets
650 #0 - SUBJECT ADDED ENTRY--TOPICAL TERM
Topical term or geographic name as entry element Booklet Panes
650 #0 - SUBJECT ADDED ENTRY--TOPICAL TERM
Topical term or geographic name as entry element US Postal Agency, Shanghai, China
650 #0 - SUBJECT ADDED ENTRY--TOPICAL TERM
Topical term or geographic name as entry element Life of Christ
650 #0 - SUBJECT ADDED ENTRY--TOPICAL TERM
Topical term or geographic name as entry element Revenue Stamped Paper, Province of Massachusetts, Colony of New York, Great Britain in America
650 #0 - SUBJECT ADDED ENTRY--TOPICAL TERM
Topical term or geographic name as entry element Norway Postage Dues
650 #0 - SUBJECT ADDED ENTRY--TOPICAL TERM
Topical term or geographic name as entry element Camp Shenandoah, Virginia
650 #0 - SUBJECT ADDED ENTRY--TOPICAL TERM
Topical term or geographic name as entry element US Playing Card Stamps
650 #0 - SUBJECT ADDED ENTRY--TOPICAL TERM
Topical term or geographic name as entry element British Postal Service from Peru
Holdings
Withdrawn status Lost status Materials specified (bound volume or other part) Damaged status Not for loan Collection code Permanent Location Current Location Date acquired Total Checkouts Barcode Date last seen Price effective from Koha item type
    Hard Cover     Richard Drews Northern Philatelic Library Northern Philatelic Library 05/15/2015   1001740 06/28/2015 06/28/2015 Books

Powered by Koha